| 000 | 00583nam a2200193Ia 4500 | ||
|---|---|---|---|
| 008 | 140626s9999 xx 000 0 und d | ||
| 100 | _aHarrison, Tracie. | ||
| 245 | 2 |
_aA study of the health literacy needs of people with visual impairment / _cTracie Harrison … [et al.]. |
|
| 260 | _cc2012. | ||
| 300 | _a26 : 2, page 142 | ||
| 440 | _aResearch and Theory for Nursing Practice | ||
| 521 | _aNUR | ||
| 650 | _aHealth literacy. | ||
| 650 | _aHealth promotion. | ||
| 650 | _aHealth technology. | ||
| 650 | _aMixed methods. | ||
| 650 | _aVisual impairment. | ||
| 942 | _cSE | ||
| 999 |
_c121383 _d121383 |
||